Die teuersten Fußballtransfers - Geboren 1982 - Statistiken

Allgemein
  • Dieses Quiz wurde 18 mal gespielt
  • Das Durchschnittsergebnis liegt bei 2 aus 10
Antwortstatistiken
Ablöse (M €) Saison Nationalität Abgebender Verein Aufnehmender Verein Spieler % Korrekt
67,00 2009-2010 Brasilien AC Mailand Real Madrid Kakà
93%
38,00 2005-2006 Ghana Olympique Lyon FC Chelsea Michael Essien
80%
31,00 2001-2002 Italien Bari AS Roma Antonio Cassano
13%
27,50 2009-2010 England FC Everton Manchester CIty Joleon Lescott
13%
23,40 2003-2004 Brasilien AC Parma Inter Mailand Adriano
7%
14,50 2002-2003 Brasilien Inter Mailand AC Parma Adriano
7%
20,50 2008-2009 Portugal FC Porto FC Chelsea Bosingwa
7%
25,00 2005-2006 Italien AC Parma AC Mailand Alberto Gilardino
0%
16,40 2008-2009 England FC Portsmouth Tottenham Jermain Defoe
0%
16,50 2007-2008 Nigeria Middlesbrough FC Everton Yakubu Aiyegbeni
0%
Keine übereinstimmenden Quizze gefunden
Verteilung der Resultate
Anzahl Personen mit jedem Resultat
Perzentil nach korrekt beantworteten Fragen
Ihre Resultats-Entwicklung
Sie haben dieses Quiz noch nicht gespielt